Desať rokov vo víre života Rozhovor s členmi hardrockovej skupiny Tublatanka

Bibliographic Details
Main Authors: Ďurinda, Martin, 1961- (Author), Horváth, P. (Author), Černý, J. (Author), Koszoruová, Valéria (Author)
Format: Article
Language:Slovak
Subjects:

MARC

LEADER 00000nab a2200000 a 4500
001 vtls000481713
003 SK-MaSNL
005 20260304015440.0
008 120927c1993 xo 0 slo
015 |a SNBRB19rr/mm-uuuuu 
035 |a CL0481848 
040 |a SNKBUCL  |b slo  |c SNKBUCL  |e AACR2 
041 0 |a slo 
044 |a xo  |c SK 
080 |a 78.071.20:784.66  |2 1981 
080 |a 784.66  |2 1981 
245 0 0 |a Desať rokov vo víre života  |b Rozhovor s členmi hardrockovej skupiny Tublatanka  |c M. Ďurinda, P. Horváth, J. Černý, Valéria Koszoruová 
300 |b Obr. 1 
610 2 7 |a Tublatanka (hudobná skupina)  |2 snkbucl  |9 32481 
655 7 |a články z novín a časopisov  |2 snkbucl  |9 267496 
700 1 |a Ďurinda, Martin,  |d 1961-  |4 aut  |9 251059 
700 1 |a Horváth, P.  |4 aut  |9 822436 
700 1 |a Černý, J.  |4 aut  |9 398110 
700 1 |a Koszoruová, Valéria  |4 aut  |9 276148 
773 0 |t Smena  |g Roč. 46, č. 69 (24. 3. 1993), s. 4 
850 |a Slovenská národná knižnica v Martine  |a MTA001 
852 |a SNK  |b KIS3GCP 
958 |a RK 
992 |a RBX 
999 |c 2591621  |d 2593551